Administración: gestión organizacional, enfoques y proceso administrativo

Bibliographic Details
Main Author: Munch, Lourdes
Format: Section = Libro
Language:Undetermined
Spanish
Published: México Pearson 2014
Edition:2a ed
Subjects:
LEADER 00675nam a2200241Ia 4500
008 240830s9999 xx 000 0 und d
020 |a 978-607-32-2700-1 
040 |a B-ESTELÍ- RUACS / 658.409 M963 
041 |a spa 
082 |a 658.409 M963 
100 1 |a Munch, Lourdes 
245 1 0 |a Administración: gestión organizacional, enfoques y proceso administrativo 
250 |a 2a ed 
260 |a México  |b Pearson  |c 2014 
300 |a 336 p. 
650 7 |a ADMINISTRACION EJECUTIVA 
650 7 |b  PROCESO ADMINISTRATIVO 
650 7 |c  GESTION ORGANIZACIONAL 
650 7 |d  DIRECCION Y LIDERAZGO 
650 7 |e  EMPRESAS 
942 |c BK  |2 ddc 
991 |a TEXTO 
999 |c 11485